Quiz o Naddniestrzu - Statystyki

Ogólne statystyki
  • Ten quiz został rozwiązany 116 razy
  • Średni wynik to 12 z 16
Statystyki odpowiedzi
Wskazówka Odpowiedź % Poprawnych
Częścią którego państwa jest de iure Naddniestrze? Mołdawia
89%
rosyjski
89%
Państwo, z którym graniczy Naddniestrze na wschodzie Ukraina
89%
Języki urzędowe mołdawski
86%
Młot
84%
Symbole, których używa Naddniestrze na swojej fladze Sierp
83%
ukraiński
83%
W latach 1940 - 1990 Naddniestrze było częścią tego państwa Związek Radziecki
83%
Waluta {Rubel} naddniestrzański
81%
Religia, którą wyznaje większość mieszkańców regionu Prawosławie
78%
Stolica Naddniestrza Tyraspol
66%
Terytoria nieuznawane, które uznają niepodległość Naddnistrza Abchazja
63%
Rzeka, nad którą leży terytorium Dniestr
63%
Czerwona {gwiazda}
61%
Osetia Południowa
59%
Drugie największe miasto Bendery
22%
Nie znaleziono quizów pasujących do podanych kryteriów
Rozkład punktacji
Procent ludzi z każdym wynikiem
Percentyl według liczby udzielonych odpowiedzi
Twoja historia wyników
Nie rozwiązałeś tego quizu